Historia del mundo antiguo / (Record no. 148279)

MARC details
000 -LEADER
campo de control de longitud fija 00629nam a2200205 4500
001 - NÚMERO DE CONTROL
campo de control 148279
003 - IDENTIFICADOR DE NÚMERO DE CONTROL
campo de control ES-MaACL
005 - FECHA Y HORA DE LA ÚLTIMA TRANSACCIÓN
campo de control 20250701021851.0
007 - CAMPO FIJO DE DESCRIPCIÓN FÍSICA--INFORMACIÓN GENERAL
campo de control de longitud fija t|
008 - DATOS DE LONGITUD FIJA--INFORMACIÓN GENERAL
campo de control de longitud fija 070214s1974 sp r ||||1| spa d
020 ## - NÚMERO INTERNACIONAL ESTÁNDAR DEL LIBRO
Número Internacional Estándar del Libro 84-7339-032-6
100 1# - ENTRADA PRINCIPAL--NOMBRE DE PERSONA
Nombre de persona Starr, Chester G.
9 (RLIN) 107938
245 10 - MENCIÓN DEL TÍTULO
Título Historia del mundo antiguo /
Mención de responsabilidad, etc. Chester G. Starr ; traducción de Esther Benítez.
260 ## - PUBLICACIÓN, DISTRIBUCIÓN, ETC.
Lugar de publicación, distribución, etc. Madrid :
Nombre del editor, distribuidor, etc. Akal,
Fecha de publicación, distribución, etc. 1974.
300 ## - DESCRIPCIÓN FÍSICA
Extensión 838 p., 16 lám. ;
Dimensiones 24 cm.
700 1# - ENTRADA AGREGADA--NOMBRE PERSONAL
Nombre de persona Benítez, Esther,
Fechas asociadas al nombre 1937-2001
9 (RLIN) 27600
852 ## - LOCALIZACIÓN
Ubicación ES-MaACL
Número de control de estantería E-8146
Sublocalización o colección R.92506
852 ## - LOCALIZACIÓN
Ubicación ES-MaACL
Número de control de estantería L-11054
Sublocalización o colección R.112814
Holdings
Estatus retirado Estado de pérdida Estado de daño No para préstamo Biblioteca de origen Biblioteca actual Ubicación en estantería Fecha de adquisición Fuente de adquisición Total de préstamos Signatura topográfica completa Código de barras Visto por última vez Precio de reemplazo Tipo de ítem Koha
        Biblioteca del Ateneo de Madrid Biblioteca del Ateneo de Madrid Depósito 2 17/01/2008     L-11054 1154744 23/02/2023 23/02/2023 Libro impreso
        Biblioteca del Ateneo de Madrid Biblioteca del Ateneo de Madrid Depósito 2 17/01/2008     E-8146 1154743 23/02/2023 23/02/2023 Libro impreso